000 00284nam a22001217a 4500
008 170620b xxu||||| |||| 00| 0 eng d
041 _aeng
080 _a32
100 _a20
101 _aahp
245 _aINTELLEGENCE FROM SECRETS TO POLICY
_cLOWENTHAL.M.M
942 _2udc
_cBK
999 _c18272
_d18272